| 000 | 00601 a2200193 4500 | ||
|---|---|---|---|
| 001 | 61970 | ||
| 005 | 20260407155912.0 | ||
| 008 | 260407a1964 arg spa d | ||
| 003 | AR-UNSa-BCEJYS | ||
| 040 |
_aAR-UNSa-BCEJYS _bspa _cAR-UNSa-BCEJYS |
||
| 080 |
_a347.736 _xQuiebra. Insolvencia. Suspensión de pagos. Bancarrota, procedimientos. Derecho Concursal |
||
| 245 | 1 | 0 | _aTratado de los juicios concursales mercantiles |
| 264 | 1 |
_aBuenos Aires : _bEDIAR _c1964 |
|
| 300 |
_a457 p. _c23 cm. |
||
| 041 | _aspa | ||
| 942 | _cBK | ||
| 590 | _aniveau_biblio:m niveau_hierar:0 | ||
| 100 | 1 | _aMuñoz, Luis | |
| 999 |
_c7510 _d7510 |
||